| 000 | 00730nam a2200229Ia 4500 | ||
|---|---|---|---|
| 003 | OSt | ||
| 005 | 20260110084533.0 | ||
| 008 | 210716s1996 xx 000 0 und d | ||
| 020 | _a8185938652 | ||
| 040 | _cAIMIT LIBRARY | ||
| 041 | _aeng | ||
| 082 |
_a006.42 _21 _bBOTF |
||
| 100 |
_aBotto, Francis. _9250933 |
||
| 245 |
_aVideo for multimedia pc : _bplaying capturing and editing digital video / _cBy Francis Botto. |
||
| 250 | _a1st ed. | ||
| 260 |
_aNew Delhi : _bAffiliated East- West Press Ltd , _c1996. |
||
| 300 |
_aviii,186p. ; _bPB _c24.5 cm |
||
| 650 |
_aVideo playback hardware _9250934 |
||
| 650 |
_aDigital video discs _9250935 |
||
| 650 |
_aVideo colour editing _9250936 |
||
| 942 |
_2ddc _cBK _e1st _k006.42 BOTF |
||
| 999 |
_c183107 _d183107 |
||